Üres kézzel távoztak harmincmilliós tartozás miatt foglalni akartak a Millennium úszóházon /

Elmentve itt :
Bibliográfiai részletek
Szerző: Kéri Barnabás
Dokumentumtípus: Cikk
Megjelent: 2003-09-10
Sorozat:Délmagyarország 93 No. 211
Kulcsszavak:Szeged, Szórakozás Millennium úszóház Szeged
Online Access:http://dmarchiv.bibl.u-szeged.hu/132523
LEADER 00563nab a2200157 i 4500
001 delm132523
005 20191121110648.0
008 191121s2003 hu o 0|| hun d
040 |a SZTE Délmagyarország Archívum  |b hun 
041 |a hun 
100 1 |a Kéri Barnabás 
245 1 0 |a Üres kézzel távoztak   |h [elektronikus dokumentum] :  |b harmincmilliós tartozás miatt foglalni akartak a Millennium úszóházon /  |c  Kéri Barnabás 
260 |c 2003-09-10 
300 |a 1, 3 
490 0 |a Délmagyarország  |v 93 No. 211 
695 |a Szeged, Szórakozás Millennium úszóház Szeged